Vedenie kreatívcov

Tvoriví ľudia a ich úloha v organizáciách. Podpora kreativity a inovácií zo strany manažérov. Nástroje, ktoré pomôžu s novými nápadmi pracovať. Oceňovanie snahy a aktivity zamestnancov. Tipy pre vedenie kreatívnych zamestnancov.

Salvato in:
Dettagli Bibliografici
Autore principale: Kazička, Peter
Natura: Capitolo di libro
Lingua:slovacco
Soggetti:
Tags: Aggiungi Tag
Nessun Tag, puoi essere il primo ad aggiungerne!!

MARC

LEADER 00000naa a2200000 4500
001 0200325
005 20230912114613.3
041 0 |a slo 
044 |a SK 
245 1 0 |a Vedenie kreatívcov  |c Peter Kazička 
520 |a Tvoriví ľudia a ich úloha v organizáciách. Podpora kreativity a inovácií zo strany manažérov. Nástroje, ktoré pomôžu s novými nápadmi pracovať. Oceňovanie snahy a aktivity zamestnancov. Tipy pre vedenie kreatívnych zamestnancov. 
610 2 0 |a kreativita 
610 2 0 |a talenty 
610 2 0 |a riadenie 
610 2 0 |a práca 
610 2 0 |a zdroje ľudské 
610 2 0 |a motivácia pracovná 
610 2 0 |a hodnotenie pracovníkov 
100 1 |a Kazička, Peter